000 00405nam a2200157 i 4500
001 bg
100 1 _aBALCKE, Edgar
245 0 _aHF-und Verstärkertechnik :
_bAufgaben und Formelsammlung /
_cE. Balcke, J. Heisterberg.
260 _aBerlin,
_c1969.
700 1 _aHEISTERBERG, Joachim
040 _cBPK
041 _apol
080 _a621.396
942 _cKS
008 s pl f |000 0 pol
999 _c9053
_d9053
856 _uhttp://koha.tu.koszalin.pl/cgi-bin/koha/opac-detail.pl?biblionumber=9053
_yKatalog online BPK